{"text_format":"3","workbook":"xlsx","n_sheets":1,"sheets":["Sheet4"],"read":"whole","date_system":"1900"}

{"sheet":"Sheet4","index":0,"n_rows":23,"n_cols":8,"rows_kept":23,"merged":[[1,1,22,1]]}
["序号","申请科室","设备名称","数量","单位","单价\n（万元）","总价\n（万元）","设备参数"]
[1,"康复科","电动起立床",5,"台",1.34,{"$f":"D2*F2","v":6.7},"1、可电动调节，改变患者体位，以达到治疗效果.\n2、配备扶手桌面、固定带。\n3、控制方式：手柄控制。\n4、起立角度：0°～90°连续可调，允差±5°。\n5、脚踏板调整角度：内翻最大为30°，外翻最大为30°，背屈最大为20°，跖屈最大为30°，允差±3°。\n6、电源：AC220V±22V；50Hz±1Hz。"]
[2,null,"肋木",2,"台",0.14,{"$f":"D3*F3","v":0.28},"1.供电电源：AC220V±22V，频率：50Hz±1Hz。\n2.床面可升降调节起升重量≥200kg。\n3.头部段面角度连续可调。\n4.控制开关：配有手柄和脚踏开关，可点动操作。\n5.起升下降行程长，无噪音，运行平稳。"]
[3,null,"PT凳",16,"台",0.08,1.28,"1、功能适用：治疗师对患者进行手法治疗时可移动式的坐具。\n2、升降功能：升降轻便灵活，无噪音。\n3、椅面承重：不小于135kg。"]
[4,null,"电动PT训练床（可升降）",8,"台",1.85,14.8,"1、供电电源：AC220V±22V，频率：50Hz±1Hz。\n2、床面可电动调节升降。\n3、最大起升重量≥200kg。\n4、控制开关：配有手柄和脚踏开关，可点动操作。\n5、起升下降行程长，无噪音，运行平稳。"]
[5,null,"上肢连续被动训练仪",1,"台",8.9,8.9,"1、电源：交流220V±22V、50Hz±1Hz。\n2、可调节肘关节活动支架长度、肩上臂支架、肩前臂支架、前臂支托、移动支架高度\n3、设有线控开关，安全可靠。\n4、电源中断及恢复通电后，固定肢体的支架保持在停止时的状态。\n5、运动支臂左右可调换。\n6、可显示运动角度、速度、时间。"]
[6,null,"股四头肌训练椅",1,"台",0.19,0.19,"1、用途：膝关节运动受限患者进行股四头肌抗阻力主动运动，也可进行膝关节牵引。\n2、材质：型材、多层板、橡胶、海绵、皮革。\n3、结构形式：底架、靠背、扶手、训练部分、坐垫。\n4、升降支架可调节，小腿垫可调节，助力手柄可调节\n5、小腿支架摆动角度≥120°"]
[7,null,"OT综合训练工作台",1,"台",1.2,1.2,"1、用途：改善手指对指功能，提高眼手协调功能，训练患者感知能力及大脑对图形的识别能力，并能训练上肢稳定性、协调性，提高上肢日常活动能力。\n2、组件：上肢协调功能训练器（手指）、分指板、分指板（弧形）、铁棍插板、木插板、套圈（立式）、几何图形插板、认知图形插板、模拟作业工具、上螺丝、上螺母、磁性钮。"]
[8,null,"OT桌（可调式）",6,"台",0.18,1.08,"1、用途：作业训练用桌，桌面高度可调节。\n2、材质：型材、多层板、不锈钢。\n3、结构形式：底座、升降部分、摇把、桌面、脚垫。\n4、桌面可升降。"]
[9,null,"穿衣板",1,"台",0.088,0.088,"1、用途：通过模拟日常生活的各种穿衣系扣的训练，提高患者的穿衣能力协调功能。\n2、材质：多层板、彩色布。\n3、结构形式：底座、训练。"]
[10,null,"电针治疗仪",10,"台",0.055,0.55,"1、用途：可准确地调节刺激量，适应各种病症，被广泛应用于临床。通常低频电流作用于人体会有捶打、揉捏感觉，随脉冲节奏的变化能模拟针灸感觉和效果；\n2、通过更换电针夹或电极片，实现耳针、体针和低频理疗；\n3、具有疏密波、断续波、连续波等多种波形可选；\n4、多种治疗频率可选。"]
[11,null,"红外线",10,"台",0.12,1.2,"1.立式、照射头为大头、照射面积大。\n2.可根据需要设定时间，计时方式：机械定时（0-60′）及常通。\n3.转头为自动锁扣，正面转动时无需松紧旋钮。\n4.支臂灵活，多段可调，便于调节角度。\n5.电源：AC220V±22V；50Hz±1Hz。"]
[12,null,"理疗床",12,"台",0.228,2.736,"1、方便医生针对病患进行针灸、推拿康复使用。\n2、具有肩孔、呼吸孔、扶手和放手机平板平台。\n3、诊疗床承载重量≥200kg，允差±10kg。"]
[13,null,"超声波治疗仪",2,"台",1.25,2.5,"1、用途：主要用于治疗软组织损伤、肌肉疼痛、骨折愈合、关节疾病和神经病理等疾病，适用于人体各个部位的治疗。\n2、多种输出模式可选.\n3、定时范围：1～30min，步进1min。\n4、具有超温保护功能。"]
[14,null,"生物反馈电刺激仪",2,"台",4.5,9,"1、用途：对患者表面肌电信号进行采集、分析和生物反馈训练，通过电刺激和肌电触发电刺激进行肌肉功能障碍的治疗；\n2、电源：AC220V±22V；50Hz±1Hz；\n3、可实现多种治疗模式：肌电检测、电刺激输出、触发电刺激、助力电刺激、镜像电刺激等。"]
[15,null,"冷疗仪",1,"台",6.5,6.5,"1、具有压力实时显示功能。\n2、具有体温传感器，可实时监测体温。\n3、皮肤温度预警：当体温传感器温度低于阈值时，设备有提示。\n4、具有循环液体、冷却液体自动监测功能，液位不足时设备停止工作，并有屏幕提示和蜂鸣声提示。\n6、治疗模式：高压模式、低压模式。\n7、可以进行低压、高压、水温、循环次数、保压时间参数的设置。\n8、设备输出时，实时显示水温、压力、体温、剩余次数和保压时间。\n9、可配置多种护套。"]
[16,null,"电脑中频治疗仪",10,"台",0.78,7.800000000000001,"1、电源：AC220V±22V；50Hz±1Hz。\n2、输出通道：四路中频加透热输出、四路离子导入直流输出、两路干扰电输出。\n3、中频频率：1kHz～10kHz，单一频率允差±10%。\n4、调制频率：0～150Hz，单一频率允差±10%或±1Hz取大值。\n5、中频载波波形：双向方波。\n6、调制波形：正弦波、方波、三角波、指数波、锯齿波、尖波、等幅波。\n7、调制方式：连续、断续、间歇、变频、疏密和交替调制。\n8、脉宽：50μs～500μs，允差±10%。\n9、操作显示：触控操作，数码显示。"]
[17,null,"磁振热治疗仪",1,"台",2.85,2.85,"1、电源：AC220V±22V；50Hz±1Hz；\n2、温度控制：默认常温工作模式，可选择温控工作模式；\n3、治疗定时时间：1min～60min可调，步距1min，允差±5%；\n4、将磁疗，振动，热疗三种治疗方式相结合由一种导子同时输出，实现三种治疗同步进行；\n5、治疗仪治疗完毕停止输出，并有峰鸣器提示声；\n6、超温保护装置：治疗仪具有独立于恒温器的非自动复位的超温保护装置，超温保护装置动作时，停止输出；\n7、具有负载检测功能。"]
[18,null,"多关节主被动训练仪",5,"台",9.89,49.45,"1、电源：AC220V±22V；50Hz±1Hz。\n2、具有多种训练模式：主动训练，被动训练，主被动训练、助力训练、等速训练。\n3、上肢臂可水平旋转、前后可调，训练部分可轴向调节。\n4、设备提供转动方向的切换措施。\n5、紧急保护措施：具有手动急停、痉挛保护和超速报警功能。\n6、痉挛灵敏度可调。\n7、训练结束会显示锻炼时间、运动距离、痉挛次数、主动时间、被动时间、左右平衡比例等信息。\n8、可创建患者数据库，对不同患者分别进行病例及康复过程记录。\n9、训练报告可导出或保存到患者数据库，方便医师查看对比。"]
[19,null,"体外膈肌起搏器",4,"台",1.75,7,"1.\t便携式主机，可以手持操作和转移。\n2.\t脉冲频率：可调单频，30Hz,35Hz,40Hz,45Hz,50Hz多档选择 \n3.\t治疗时间：5-120min可选择，允差±10%。\n4.\t具备左、右双通道，可同时调节，亦可单独调节。\n5.\t波形：双向对称波，可实现能量对冲，减少能量聚集导致的神经损伤风险。\n6.\t有电量提示功能。\n7.\t工作时间有倒计时功能，每次波形开始输出后开始倒计时；结束治疗时有声音提示和图文提示。"]
[20,null,"呼吸评估与训练仪",2,"台",3.8,7.6,"1.可进行标准定标操作+开机自动校正，定标报告可保存、打印和查询功能；\n2.具备呼吸康复训练功能，可打印呼吸训练报告；\n3.可进行呼吸肌力评估； \n4.可进行常规通气功能检查； \n5.支持报告打印功能，可打印肺功能检测报告、最大分钟通气报告 、支气管舒张试验报告、呼吸肌力评估报告。"]
[21,null,"吞咽神经和肌肉电刺激仪",1,"台",9,{"$f":"D22*F22","v":9},"1.\t吞咽言语诊治仪输出中低频电流，对和吞咽言语功能有关的神经肌肉进行神经肌肉电声刺激，从而改善吞咽肌，构音肌的功能,达到治疗效果；\n2.\t通过把治疗电极放置于患者颈部，仪器输出低频电流，对和吞咽言语功能有关的神经肌肉进行神经肌肉电声刺激，从而改善吞咽肌，构音肌的功能,达到治疗效果；\n3.\t对吞咽困难等症状进行肌肉治疗和肌肉训练；\n4.\t可同时进行言语吞咽功能的主动训练和治疗。"]
[22,null,"膀胱扫描仪",1,"台",8,8,"1.用途：该设备主要用于导尿护理、放疗辅助和排尿功能障碍诊断，测定膀胱尿量；\n2.可提供多种扫描和测量模式，以满足临床使用；\n3.可提供书面报告打印，可储存测量结果；\n4.配备移动台车，方便床旁使用。"]